Normal view
MARC view
- Supervisor. Dr. Naeem Abbas
Entry Personal Name
001 - CONTROL NUMBER
- control field: 127284
003 - CONTROL NUMBER IDENTIFIER
- control field: NUST
005 - DATE AND TIME OF LATEST TRANSACTION
- control field: 20241231131701.0
008 - FIXED-LENGTH DATA ELEMENTS
- fixed length control field: 241231|| aca||aabn | a|a d
040 ## - CATALOGING SOURCE
- Original cataloging agency: NUST
- Transcribing agency: NUST
100 ## - HEADING--PERSONAL NAME
- Personal name: Supervisor. Dr. Naeem Abbas
670 ## - SOURCE DATA FOUND
- Source citation: Work cat.: (NUST)535404: Muhammad Tahir Rana. 29950, Bit Parallel Computation of SBNDM4 Algorithm Using Scalable Parallel Hardware /, 2017.
